[Event "Essent open"]
[Site "Hoogeveen"]
[Date "2005.10.22"]
[Round "2"]
[White "Drost, Peter"]
[Black "Wiersma, Eelke"]
[Result "1/2-1/2"]
[WhiteElo "2190"]
[BlackElo "2431"]
[PlyCount "68"]
[EventDate "2005.10.21"]

1. e4 c5 2. Nf3 Nc6 3. d4 cxd4 4. Nxd4 Nf6 5. Nc3 e5 6. Ndb5 d6 7. Bg5 a6 8.
Na3 b5 9. Nd5 Be7 10. Bxf6 Bxf6 11. c3 Bg5 12. Nc2 Ne7 13. Nxe7 Qxe7 14. Bd3
O-O 15. O-O f5 16. a4 Bb7 17. axb5 axb5 18. exf5 Rxa1 19. Qxa1 e4 20. Bxb5 e3
21. Qa2+ Kh8 22. Qe6 exf2+ 23. Rxf2 Qc7 24. Nd4 Bf6 25. Qd7 Qb6 26. Ne6 Ra8 27.
Nc7 Ra1+ 28. Bf1 Qc6 29. Qf7 h6 30. Ne8 Bd4 31. cxd4 Rxf1+ 32. Kxf1 Ba6+ 33.
Re2 Qc1+ 34. Kf2 Qf4+ 1/2-1/2

[Event "Essent open"]
[Site "Hoogeveen"]
[Date "2005.10.22"]
[Round "2"]
[White "Rubingh, Otto"]
[Black "Van Weersel, Arlette"]
[Result "1/2-1/2"]
[WhiteElo "2296"]
[BlackElo "2174"]
[PlyCount "57"]
[EventDate "2005.10.21"]

1. b3 d5 2. Bb2 c6 3. e3 Nf6 4. f4 Bg4 5. Nf3 Nbd7 6. Be2 e6 7. Ne5 Bxe2 8.
Qxe2 Nxe5 9. fxe5 Nd7 10. O-O Be7 11. d3 Qc7 12. Qh5 O-O 13. Rf3 f6 14. Rh3 h6
15. Qg4 Nxe5 16. Qxe6+ Kh8 17. Qf5 Rae8 18. Nd2 Qd7 19. Qxd7 Nxd7 20. Nf3 Bc5
21. Nd4 Ne5 22. Nf5 Nf7 23. Rf1 Ng5 24. Rg3 Kh7 25. h4 Ne6 26. d4 Bb4 27. c3
Ba5 28. Ba3 Bc7 29. Rgf3 1/2-1/2

[Event "Essent open"]
[Site "Hoogeveen"]
[Date "2005.10.22"]
[Round "2"]
[White "Hendriks, Richard"]
[Black "Archangelsky, Mikhail"]
[Result "1-0"]
[WhiteElo "2157"]
[BlackElo "2293"]
[PlyCount "69"]
[EventDate "2005.10.21"]

1. e4 e6 2. d4 d5 3. Nc3 Nc6 4. Nf3 Nf6 5. Bd3 Nb4 6. Bg5 dxe4 7. Bxe4 Be7 8.
Bxf6 Bxf6 9. O-O O-O 10. Ne2 Qd6 11. Qd2 c5 12. c3 Nc6 13. Rfd1 cxd4 14. Nexd4
Nxd4 15. Nxd4 Qb6 16. Qe2 Rd8 17. Qb5 Qc7 18. Qh5 g6 19. Qf3 Bxd4 20. cxd4 Rb8
21. Qf6 Qd6 22. h4 Bd7 23. h5 Be8 24. Rd3 Qf8 25. d5 Rd6 26. hxg6 hxg6 27. Rh3
Qg7 28. Qe7 Rd7 29. Qa3 exd5 30. Qxa7 Rbd8 31. Bd3 Re7 32. Qc5 Qf6 33. Rc1 Qc6
34. Qxe7 Qxc1+ 35. Bf1 1-0

[Event "Essent open"]
[Site "Hoogeveen"]
[Date "2005.10.22"]
[Round "2"]
[White "Schuurman, Petra"]
[Black "Dogge, Marc"]
[Result "1/2-1/2"]
[WhiteElo "2279"]
[BlackElo "2168"]
[PlyCount "178"]
[EventDate "2005.10.21"]

1. Nf3 Nf6 2. c4 e6 3. Nc3 c5 4. g3 b6 5. Bg2 Bb7 6. O-O Be7 7. d4 cxd4 8. Qxd4
Nc6 9. Qd2 a6 10. b3 Qc7 11. Bb2 d6 12. Ng5 Ne5 13. Nge4 O-O 14. Rad1 Rad8 15.
Nxf6+ Bxf6 16. Ne4 Be7 17. Qf4 Ng6 18. Qe3 f5 19. Nc3 Bc8 20. Nb1 f4 21. Qe4
Bf6 22. Ba3 Be5 23. e3 d5 24. Qf3 fxg3 25. Bxf8 Rxf8 26. Qh5 gxh2+ 27. Kh1 dxc4
28. bxc4 Bb7 29. Nd2 Bxg2+ 30. Kxg2 Rf5 31. Qh3 Qc6+ 32. f3 Rg5+ 33. Kh1 Rg3
34. Qh5 Qc5 35. Ne4 Rg1+ 36. Rxg1 hxg1=Q+ 37. Rxg1 Qxe3 38. Rd1 Bd4 39. Ng5 h6
40. Qxg6 hxg5 41. Qe4 Qxe4 42. fxe4 e5 43. Rf1 Kh7 44. Kg2 Kg6 45. Kg3 Kh5 46.
Rf7 Kg6 47. Ra7 a5 48. Kg4 Kf6 49. Rd7 Ke6 50. Rd5 Be3 51. Rd3 Bd4 52. Rb3 Kf6
53. Rb5 Be3 54. Kh5 Bc5 55. Rb3 Bd4 56. Kg4 Bg1 57. Rb5 Bc5 58. Kh5 Be3 59. Rd5
Ke6 60. Kg4 g6 61. Kg3 Bc5 62. Kf3 Bg1 63. Rd2 Bd4 64. Ke2 g4 65. Rd1 Kd6 66.
Kd3 g3 67. Rd2 Kc5 68. Rg2 Bf2 69. a3 Kd6 70. Ke2 Ke6 71. Kf3 Kf6 72. Kg4 g5
73. Kh5 a4 74. Kh6 g4 75. Kh5 Kg7 76. Kg5 Kh7 77. Kh5 Kg7 78. Kg5 Kh7 79. Kh4
Kh6 80. Kxg4 Kg6 81. Kh4 Kh6 82. Kg4 Kg6 83. Kh4 Kh6 84. Kg4 Kg6 85. Kh4 Kh6
86. Kg4 Kg6 87. Kh4 Kh6 88. Kg4 Kg6 89. Kh4 Kh6 1/2-1/2

[Event "Essent open"]
[Site "Hoogeveen"]
[Date "2005.10.22"]
[Round "2"]
[White "Bitalzadeh, Ali"]
[Black "Galje, Hans"]
[Result "1-0"]
[WhiteElo "2267"]
[BlackElo "2135"]
[PlyCount "159"]
[EventDate "2005.10.21"]

1. e4 e6 2. d4 d5 3. Nc3 Bb4 4. e5 c5 5. Bd2 Ne7 6. Nb5 Bxd2+ 7. Qxd2 O-O 8.
dxc5 Nd7 9. Qc3 a6 10. Nd6 Qc7 11. f4 Qxc5 12. Qxc5 Nxc5 13. c4 dxc4 14. Bxc4
b5 15. b4 Na4 16. Bb3 Nb6 17. Ne2 Bd7 18. O-O Bc6 19. a3 Bd5 20. Nd4 Ra7 21.
Rac1 Bxb3 22. Nxb3 Nbd5 23. g3 h6 24. Rc5 Rd7 25. Nd4 Rfd8 26. Rfc1 Ra8 27. h4
Rdd8 28. h5 Rd7 29. Nb3 Rdd8 30. Rd1 Ne3 31. Rd2 N3d5 32. f5 Nc8 33. fxe6 fxe6
34. Ne4 Ncb6 35. Na5 Nd7 36. Rc1 Nxe5 37. Rdc2 Nf3+ 38. Kg2 Nd4 39. Rc5 Nf6 40.
Nxf6+ gxf6 41. Rc7 Rd5 42. R1c5 Rad8 43. g4 e5 44. Nc6 Nxc6 45. Rxd5 Rxd5 46.
Rxc6 Kg7 47. Rxa6 Rd4 48. Kf3 Rf4+ 49. Kg3 Rd4 50. Ra7+ Kg8 51. Ra5 Kg7 52. Kf3
Rf4+ 53. Kg3 Rd4 54. Kf3 Rf4+ 55. Ke2 Rxg4 56. Rxb5 Rh4 57. Rb7+ Kg8 58. a4
Rxh5 59. a5 Rh2+ 60. Ke3 Ra2 61. Rc7 Rb2 62. a6 Rxb4 63. Rb7 Ra4 64. a7 f5 65.
Rb8+ Kg7 66. a8=Q Rxa8 67. Rxa8 Kf6 68. Re8 h5 69. Kf3 h4 70. Ke3 h3 71. Rh8
Ke6 72. Rxh3 Kd5 73. Rh5 Ke6 74. Rh6+ Kd5 75. Rf6 f4+ 76. Kf3 Kd4 77. Rd6+ Kc5
78. Rd1 Kc4 79. Ke4 Kc3 80. Kxe5 1-0

[Event "Essent open"]
[Site "Hoogeveen"]
[Date "2005.10.22"]
[Round "2"]
[White "Rooda, Kai"]
[Black "Vogel, Jaap"]
[Result "1/2-1/2"]
[WhiteElo "2132"]
[BlackElo "2261"]
[PlyCount "60"]
[EventDate "2005.10.21"]

1. d4 e6 2. Nf3 Nf6 3. c4 b6 4. g3 Bb7 5. Bg2 Be7 6. O-O O-O 7. Nc3 Na6 8. Ne5
Bxg2 9. Kxg2 Qc8 10. e4 Qb7 11. Qf3 c5 12. d5 Nb4 13. Qe2 exd5 14. cxd5 Rfe8
15. f4 d6 16. Nc4 Bf8 17. Qf3 Nc2 18. Rb1 Nd4 19. Qd3 b5 20. Na5 Qe7 21. Be3 b4
22. Bxd4 bxc3 23. Bxf6 gxf6 24. bxc3 Qxe4+ 25. Qxe4 Rxe4 26. Nc6 Ra4 27. Rf2
Re8 28. Kf3 f5 29. Rb7 a6 30. g4 Ree4 1/2-1/2

[Event "Essent open"]
[Site "Hoogeveen"]
[Date "2005.10.22"]
[Round "2"]
[White "Doggers, Peter"]
[Black "Potze, Rudolf"]
[Result "1-0"]
[WhiteElo "2239"]
[BlackElo "2128"]
[PlyCount "53"]
[EventDate "2005.10.21"]

1. e4 c5 2. Nf3 Nc6 3. d4 cxd4 4. Nxd4 Nf6 5. Nc3 e5 6. Ndb5 d6 7. Bg5 a6 8.
Na3 b5 9. Nd5 Be7 10. Bxf6 Bxf6 11. c3 O-O 12. Nc2 Bg5 13. a4 bxa4 14. Rxa4 a5
15. Bc4 Rb8 16. Ra2 Kh8 17. Nce3 g6 18. h4 Bxh4 19. g3 Be7 20. f4 f5 21. b4 Bf6
22. b5 exf4 23. Rah2 Rb7 24. bxc6 Rg7 25. gxf4 fxe4 26. c7 Qd7 27. Nxf6 1-0

[Event "Essent open"]
[Site "Hoogeveen"]
[Date "2005.10.22"]
[Round "2"]
[White "Hendriks, Peter"]
[Black "Meijer, Dolf"]
[Result "0-1"]
[WhiteElo "2121"]
[BlackElo "2226"]
[PlyCount "96"]
[EventDate "2005.10.21"]

1. e4 d5 2. exd5 Nf6 3. d4 Bg4 4. f3 Bf5 5. Bb5+ Nbd7 6. c4 e6 7. dxe6 Bxe6 8.
Nc3 c6 9. d5 Bxd5 10. cxd5 cxb5 11. Nxb5 Qa5+ 12. Nc3 Bb4 13. Qe2+ Kd8 14. Qc2
Re8+ 15. Nge2 Bxc3+ 16. bxc3 Rc8 17. O-O Nxd5 18. Ng3 g6 19. Bd2 Nxc3 20. Qd3
Qd5 21. Qxd5 Nxd5 22. Rfd1 Ne3 23. Rdc1 Nc4 24. Bc3 f5 25. Rab1 Rc7 26. Bd4 b6
27. Rb4 Na5 28. Rd1 Kc8 29. Bf2 Ne5 30. Nf1 Nec4 31. Bg3 Rd7 32. Rc1 Re2 33.
Rbxc4+ Nxc4 34. Rxc4+ Kb7 35. a4 Rde7 36. h4 Ra2 37. h5 Ree2 38. Rc7+ Ka6 39.
Rxh7 Rxg2+ 40. Kh1 gxh5 41. Rxh5 f4 42. Bxf4 Rgf2 43. Kg1 Rxf3 44. Rh2 Ra1 45.
Rf2 Rfa3 46. Be5 R1a2 47. a5 Rxa5 48. Rf8 Rxe5 0-1

[Event "Essent open"]
[Site "Hoogeveen"]
[Date "2005.10.22"]
[Round "2"]
[White "Vedder, Richard"]
[Black "Ouwendijk, Vincent"]
[Result "1/2-1/2"]
[WhiteElo "2224"]
[BlackElo "2107"]
[PlyCount "120"]
[EventDate "2005.10.21"]

1. b3 e5 2. Bb2 Nc6 3. c4 Nf6 4. d3 Be7 5. Nf3 d6 6. e3 O-O 7. Be2 Re8 8. Nbd2
h6 9. a3 a5 10. Qc2 Bf5 11. O-O Bf8 12. Bc3 d5 13. cxd5 Nxd5 14. Bb2 Nf6 15.
Rac1 Bd6 16. e4 Bg4 17. h3 Bc8 18. Rfd1 Nh5 19. Nc4 Nf4 20. Bf1 Qf6 21. d4 Qg6
22. Ncxe5 Bxe5 23. Nxe5 Nxe5 24. dxe5 Bxh3 25. f3 h5 26. Kh2 Bc8 27. Qf2 Ne6
28. g3 b6 29. Bb5 Rf8 30. a4 Bb7 31. Ba3 Rfd8 32. Bd7 c5 33. Rd6 Qg5 34. Bxe6
fxe6 35. Rcd1 Rf8 36. f4 Qxe5 37. Bb2 Qxe4 38. Re1 Qf5 39. Rexe6 Rfe8 40. Qe2
Rxe6 41. Qxe6+ Qxe6 42. Rxe6 Rd8 43. Bc3 Rd1 44. g4 h4 45. Re1 Rd3 46. Bxg7 Bf3
47. Bf6 Bxg4 48. Bxh4 Rh3+ 49. Kg2 Rxh4 50. Kg3 Rh3+ 51. Kxg4 Rxb3 52. Re6 Kf7
53. f5 Rb1 54. Kf3 Rf1+ 55. Ke2 Rb1 56. Kd3 Rb4 57. Kc3 Kf8 58. Kc2 Rxa4 59.
Rxb6 Rb4 60. Rc6 c4 1/2-1/2

[Event "Essent open"]
[Site "Hoogeveen"]
[Date "2005.10.22"]
[Round "2"]
[White "Schelwokat, Peter"]
[Black "Dougherty, Michael J"]
[Result "0-1"]
[WhiteElo "2076"]
[BlackElo "2212"]
[PlyCount "52"]
[EventDate "2005.10.21"]

1. Nf3 g6 2. c4 Bg7 3. Nc3 d6 4. d4 f5 5. e4 Nf6 6. Bd3 O-O 7. exf5 gxf5 8. Qc2
e6 9. Bd2 Nc6 10. a3 e5 11. dxe5 dxe5 12. Bxf5 Nd4 13. Nxd4 exd4 14. Ne2 Bxf5
15. Qxf5 Qe8 16. Qd3 Ne4 17. Bf4 Nc5 18. Qf3 Rxf4 19. Qd5+ Kh8 20. Qxc5 Re4 21.
O-O Rxe2 22. Qxc7 Rxb2 23. Rae1 Qg6 24. Re7 Re8 25. Rf7 Rf8 26. Rd7 Rbxf2 0-1

[Event "Essent open"]
[Site "Hoogeveen"]
[Date "2005.10.22"]
[Round "2"]
[White "Van der Plas, Rob"]
[Black "Jelic, Bruno"]
[Result "1-0"]
[WhiteElo "2211"]
[BlackElo "2104"]
[PlyCount "51"]
[EventDate "2005.10.21"]

1. d4 Nf6 2. c4 g6 3. Nc3 Bg7 4. e4 d6 5. f4 O-O 6. Nf3 c5 7. d5 e6 8. Be2 exd5
9. cxd5 Re8 10. e5 dxe5 11. fxe5 Ng4 12. Bg5 f6 13. exf6 Bxf6 14. Qd2 Bxg5 15.
Qxg5 Qxg5 16. Nxg5 Ne3 17. Kf2 Bf5 18. Bb5 Ng4+ 19. Kg3 Re3+ 20. Kf4 h6 21. Ne6
Bxe6 22. dxe6 Nc6 23. Bxc6 Rf8+ 24. Kxg4 h5+ 25. Kg5 Kg7 26. Be4 1-0

[Event "Essent open"]
[Site "Hoogeveen"]
[Date "2005.10.23"]
[Round "3"]
[White "Baklan, Vladimir"]
[Black "L'Ami, Erwin"]
[Result "1-0"]
[WhiteElo "2590"]
[BlackElo "2541"]
[PlyCount "45"]
[EventDate "2005.10.21"]

1. e4 c6 2. d4 d5 3. e5 Bf5 4. Nf3 e6 5. Be2 Nd7 6. O-O h6 7. c3 Ne7 8. Na3 c5
9. dxc5 Nc6 10. b4 Ndxe5 11. Nxe5 Nxe5 12. Nb5 Nc6 13. Nd4 Nxd4 14. Qxd4 Be7
15. Qxg7 Bf6 16. Qg3 Kf8 17. Bf4 Bg6 18. Rad1 h5 19. c4 h4 20. Bd6+ Kg7 21. Qf4
d4 22. Bf3 Rb8 23. Bc7 1-0

[Event "Essent open"]
[Site "Hoogeveen"]
[Date "2005.10.23"]
[Round "3"]
[White "Brodsky, Michail"]
[Black "Habu, Yoshiharu"]
[Result "1-0"]
[WhiteElo "2564"]
[BlackElo "2341"]
[PlyCount "55"]
[EventDate "2005.10.21"]

1. d4 f5 2. Nc3 d5 3. Bf4 Nf6 4. e3 g6 5. Nb5 Na6 6. c4 c6 7. Nc3 Bg7 8. Nf3
O-O 9. Be2 Kh8 10. O-O dxc4 11. Bxc4 Nc7 12. Rc1 Be6 13. Qb3 Ncd5 14. Be5 Qb6
15. Qa3 Rae8 16. Na4 Qa5 17. b4 Qd8 18. Nc5 Bg8 19. Nxb7 Qb6 20. Nc5 Qxb4 21.
Qxb4 Nxb4 22. a3 Nbd5 23. Ng5 e6 24. Bd6 h6 25. Nf3 Ne4 26. Bxf8 Rxf8 27. Nd7
Rc8 28. Nde5 1-0

[Event "Essent open"]
[Site "Hoogeveen"]
[Date "2005.10.23"]
[Round "3"]
[White "Kharitonov, Alexandr"]
[Black "Rothuis, Vincent"]
[Result "1/2-1/2"]
[WhiteElo "2545"]
[BlackElo "2313"]
[PlyCount "72"]
[EventDate "2005.10.21"]

1. d4 Nf6 2. c4 e6 3. Nc3 Bb4 4. Qc2 O-O 5. a3 Bxc3+ 6. Qxc3 b6 7. Nf3 Bb7 8.
e3 d6 9. Be2 Nbd7 10. O-O a5 11. b3 Qe7 12. Bb2 Ne4 13. Qc2 f5 14. b4 e5 15. c5
bxc5 16. bxc5 Rab8 17. Rab1 dxc5 18. dxe5 Bd5 19. Rfd1 c6 20. Ba1 Qe6 21. Qa4
Ra8 22. Rb7 Rf7 23. Qc2 Nxe5 24. Rxf7 Nxf7 25. Qb2 Nf6 26. Qc3 Qe7 27. Bc4 Qf8
28. Qc2 Bxc4 29. Qxc4 Rd8 30. Rc1 Ne4 31. Ne5 Qe8 32. Nf3 Qd7 33. Bc3 Qd5 34.
Qf1 Qd3 35. Bxa5 Qxf1+ 36. Kxf1 Ra8 1/2-1/2

[Event "Essent open"]
[Site "Hoogeveen"]
[Date "2005.10.23"]
[Round "3"]
[White "Van Veen, Oscar"]
[Black "Atalik, Suat"]
[Result "0-1"]
[WhiteElo "2207"]
[BlackElo "2620"]
[PlyCount "92"]
[EventDate "2005.10.21"]

1. e4 e5 2. Nf3 Nc6 3. Bb5 a6 4. Ba4 Nf6 5. O-O Be7 6. d4 exd4 7. e5 Ne4 8. b4
O-O 9. a3 b5 10. Bb3 d5 11. Nxd4 Nxd4 12. Qxd4 Bb7 13. Nd2 c5 14. bxc5 Bxc5 15.
Qd3 Qh4 16. Nxe4 dxe4 17. Qd7 Rad8 18. Qf5 Bd4 19. Rb1 Rde8 20. Qd7 Bxe5 21.
Bxf7+ Kh8 22. g3 Re7 23. Qf5 Bc8 24. Qxe5 Rxe5 25. gxh4 Rxf7 26. Rd1 Bd7 27. c4
h6 28. cxb5 Bxb5 29. Rd4 Rf6 30. Be3 Rg6+ 31. Kh1 Be2 32. h3 Bf3+ 33. Kh2 Rg2+
34. Kh1 Rh5 35. Rb8+ Kh7 36. Rf8 Rxf2+ 37. Kg1 Re2 38. Bf2 Rb5 39. Rb4 Rd5 40.
Bd4 a5 41. Rc4 Rg2+ 42. Kf1 Rd2 43. Be3 Rh2 44. Rc1 Rd3 45. Bf4 Rxh3 46. Kf2
Bg4 0-1

[Event "Essent open"]
[Site "Hoogeveen"]
[Date "2005.10.23"]
[Round "3"]
[White "Rogers, Ian"]
[Black "Hasanova, Elmira"]
[Result "1-0"]
[WhiteElo "2556"]
[BlackElo "2342"]
[PlyCount "57"]
[EventDate "2005.10.21"]

1. d4 Nf6 2. Nf3 g6 3. c4 Bg7 4. Nc3 O-O 5. Bf4 d6 6. h3 Nfd7 7. e4 e5 8. Bg5
f6 9. Be3 exd4 10. Nxd4 Nc5 11. Be2 Re8 12. Qc2 Ne6 13. Nb3 Nc6 14. Rd1 Qe7 15.
O-O Qf7 16. f4 Nf8 17. c5 dxc5 18. Nxc5 Ne6 19. Nb3 a5 20. f5 Nf8 21. Nd5 a4
22. Nd4 gxf5 23. Bc4 Kh8 24. Nb6 Nxd4 25. Rxd4 Be6 26. Nxa8 Rxa8 27. exf5 Bxc4
28. Rxc4 Qe8 29. Bf4 1-0

[Event "Essent open"]
[Site "Hoogeveen"]
[Date "2005.10.23"]
[Round "3"]
[White "Willemze, Thomas"]
[Black "Nijboer, Friso"]
[Result "1/2-1/2"]
[WhiteElo "2363"]
[BlackElo "2545"]
[PlyCount "86"]
[EventDate "2005.10.21"]

1. e4 c5 2. Nf3 e6 3. d4 cxd4 4. Nxd4 a6 5. Nc3 b5 6. Bd3 d6 7. O-O Nf6 8. a4
b4 9. Na2 e5 10. Nf3 Nc6 11. c3 bxc3 12. Nxc3 Be7 13. h3 O-O 14. Qe2 Bb7 15.
Rd1 Nd4 16. Nxd4 exd4 17. Nd5 Nxd5 18. exd5 Bf6 19. b3 Qa5 20. Qe4 g6 21. Bc4
Rae8 22. Qd3 Bxd5 23. Bxd5 Qxd5 24. Bh6 Bg7 25. Bxg7 Kxg7 26. Qxd4+ Qxd4 27.
Rxd4 Re6 28. Rad1 Rd8 29. Rd5 Kf8 30. Ra5 Ra8 31. Rc1 Re5 32. Rxe5 dxe5 33. b4
Rb8 34. Rb1 Ke7 35. Kf1 Kd6 36. Ke2 Kc6 37. Ke3 f5 38. g4 Kd5 39. Kd3 h5 40.
gxf5 gxf5 41. f3 h4 42. Rb2 Rb6 43. Rb1 Rb8 1/2-1/2

[Event "Essent open"]
[Site "Hoogeveen"]
[Date "2005.10.23"]
[Round "3"]
[White "Pruijssers, Roeland"]
[Black "Van der Wiel, John"]
[Result "1/2-1/2"]
[WhiteElo "2310"]
[BlackElo "2503"]
[PlyCount "44"]
[EventDate "2005.10.21"]

1. e4 c5 2. Nf3 Nc6 3. d4 cxd4 4. Nxd4 e5 5. Nb5 d6 6. N1c3 a6 7. Na3 b5 8. Nd5
Nf6 9. c4 b4 10. Nc2 Rb8 11. Bd3 Be7 12. O-O a5 13. b3 O-O 14. f4 exf4 15. Bxf4
Ng4 16. Be2 Nge5 17. Qd2 Bh4 18. Rad1 h6 19. Qe3 Bg5 20. c5 dxc5 21. Qxc5 Bxf4
22. Rxf4 Qg5 1/2-1/2

[Event "Essent open"]
[Site "Hoogeveen"]
[Date "2005.10.23"]
[Round "3"]
[White "Jonkman, Harmen"]
[Black "De Jong, Migchiel"]
[Result "1-0"]
[WhiteElo "2446"]
[BlackElo "2277"]
[PlyCount "77"]
[EventDate "2005.10.21"]

1. e4 e6 2. d4 d5 3. e5 b6 4. c3 Qd7 5. Nh3 Ba6 6. Bxa6 Nxa6 7. O-O c5 8. Nf4
Nc7 9. Nd2 Ne7 10. Nh5 cxd4 11. cxd4 O-O-O 12. Nf3 h6 13. b4 Nc6 14. a3 b5 15.
Bd2 a6 16. a4 bxa4 17. Rxa4 Kb7 18. Qa1 Ra8 19. Rc1 Nb5 20. Be3 Nxb4 21. Bd2
Nc6 22. Rb1 Qd8 23. Nf4 Be7 24. Ne2 Qb6 25. Ne1 Rhb8 26. Nc3 Ra7 27. Ra2 Ka8
28. Be3 Nb4 29. Na4 Qc6 30. Rab2 a5 31. Rc1 Qa6 32. Nc5 Bxc5 33. Rxc5 Qb6 34.
h3 Qa6 35. Qa4 Nc7 36. Bd2 Qb6 37. Nc2 Nca6 38. Rxa5 Qc7 39. Nxb4 1-0

[Event "Essent open"]
[Site "Hoogeveen"]
[Date "2005.10.23"]
[Round "3"]
[White "Souleidis, Georgios"]
[Black "Van Leent, Dimitri"]
[Result "1/2-1/2"]
[WhiteElo "2421"]
[BlackElo "2309"]
[PlyCount "147"]
[EventDate "2005.10.21"]

1. e4 e5 2. Nf3 Nc6 3. Bb5 Nf6 4. O-O Bc5 5. c3 O-O 6. d4 Bb6 7. Bg5 h6 8. Bh4
d6 9. Qd3 Qe7 10. Nbd2 Nb8 11. Rfe1 c6 12. Bc4 Nbd7 13. a4 a5 14. Bb3 Re8 15.
Nc4 Bc7 16. Rad1 Qf8 17. Qc2 exd4 18. Nxd4 d5 19. exd5 Nxd5 20. Nf5 N7f6 21.
Nce3 Be6 22. Nxd5 Nxd5 23. Bxd5 cxd5 24. Bg3 Bxg3 25. Nxg3 Qc5 26. Rd4 b5 27.
axb5 Qxb5 28. h3 Rab8 29. Re2 Rec8 30. Qd2 Rc4 31. Qf4 Rxd4 32. Qxd4 g6 33. Qf6
Re8 34. Qf4 Kg7 35. Qd4+ Kg8 36. Qf4 Kg7 37. Qd4+ Kg8 38. Rd2 Rc8 39. Qf4 Kg7
40. Qe5+ Kg8 41. Ne2 Qb8 42. Qf6 Re8 43. Qd4 Qc7 44. Nf4 Bf5 45. Re2 Rxe2 46.
Nxe2 Qb7 47. Qd2 g5 48. Nd4 Bg6 49. Qe2 Kf8 50. f3 Qb6 51. Qb5 Qxb5 52. Nxb5
Ke7 53. Kf2 Bd3 54. Nd4 a4 55. g3 Kf6 56. Ke3 Bf1 57. h4 gxh4 58. gxh4 Bc4 59.
Kf4 Bd3 60. Nc6 Bc2 61. Ne5 Bb3 62. h5 Bd1 63. Ng4+ Kg7 64. Ne3 Bb3 65. Ke5 f6+
66. Kd4 Kf7 67. Nf5 Ke6 68. Nxh6 f5 69. Ke3 Bc2 70. Kf4 Kf6 71. Ng8+ Kf7 72.
Nh6+ Kf6 73. Ng8+ Kf7 74. Nh6+ 1/2-1/2

[Event "Essent open"]
[Site "Hoogeveen"]
[Date "2005.10.23"]
[Round "3"]
[White "Brandenburg, Daan"]
[Black "Kleijn, Christov"]
[Result "0-1"]
[WhiteElo "2395"]
[BlackElo "2059"]
[PlyCount "80"]
[EventDate "2005.10.21"]

1. e4 c5 2. Nf3 d6 3. d4 cxd4 4. Nxd4 Nf6 5. Nc3 a6 6. Bg5 e6 7. f4 Be7 8. Qf3
Nbd7 9. O-O-O Qc7 10. g4 b5 11. Bxf6 gxf6 12. f5 Ne5 13. Qh3 O-O 14. Qh6 Kh8
15. g5 Rg8 16. gxf6 Ng4 17. Qh5 Bxf6 18. fxe6 Bxe6 19. e5 Bxe5 20. Ne4 Ne3 21.
Bd3 Bxd4 22. Nf6 Rg7 23. Rhg1 Bxf6 24. Rxg7 Kxg7 25. Rg1+ Kf8 26. Qf3 Nd5 27.
Be4 Qc5 28. Rd1 Rc8 29. Kb1 Qb4 30. Qb3 Qxb3 31. axb3 Ne3 32. Rxd6 a5 33. Ra6
Bd8 34. Kc1 Nxc2 35. Kd2 Nd4 36. Ke3 Nxb3 37. Bxh7 Ke7 38. Ra7+ Kf6 39. Rb7 b4
40. Rb5 Rc5 0-1

[Event "Essent open"]
[Site "Hoogeveen"]
[Date "2005.10.23"]
[Round "3"]
[White "Van Beek, Alexander"]
[Black "Sareen, Vishal"]
[Result "1/2-1/2"]
[WhiteElo "2334"]
[BlackElo "2375"]
[PlyCount "32"]
[EventDate "2005.10.21"]

1. d4 d5 2. Nf3 c6 3. c4 e6 4. Qb3 Bd6 5. g3 Nf6 6. Bg2 Nbd7 7. O-O O-O 8. Bf4
Bxf4 9. gxf4 c5 10. Nc3 Nb6 11. dxc5 Nxc4 12. Qc2 Qc7 13. b3 Na3 14. Qc1 Qxc5
15. Nxd5 Qxd5 16. Qxa3 Qh5 1/2-1/2

[Event "Essent open"]
[Site "Hoogeveen"]
[Date "2005.10.23"]
[Round "3"]
[White "Grooten, Herman"]
[Black "Kolev, Atanas"]
[Result "1/2-1/2"]
[WhiteElo "2350"]
[BlackElo "2559"]
[PlyCount "136"]
[EventDate "2005.10.21"]

1. d4 Nf6 2. c4 e6 3. Nf3 d5 4. cxd5 exd5 5. Nc3 c6 6. Qc2 Be7 7. Bg5 g6 8. Ne5
Bf5 9. Qd2 Nbd7 10. Nxd7 Qxd7 11. e3 O-O 12. Bxf6 Bxf6 13. Bd3 Rfe8 14. Bxf5
Qxf5 15. O-O Be7 16. Rab1 a5 17. Rfc1 Bd6 18. a3 a4 19. Qd1 Qg5 20. g3 h5 21.
h4 Qf5 22. Kg2 Kg7 23. Qf3 Qg4 24. Re1 Qxf3+ 25. Kxf3 f5 26. Rbc1 Ra6 27. Rc2
Re7 28. Kg2 Bc7 29. Rec1 Bb6 30. Rb1 Kf7 31. b3 axb3 32. Rxb3 Bd8 33. a4 Ra7
34. Rcb2 Rd7 35. Ne2 Be7 36. Nf4 Bd6 37. Nd3 Ke8 38. Kf3 Re7 39. Nf4 Kf7 40.
Rb6 Rd7 41. a5 Bxf4 42. Kxf4 Kf6 43. R2b5 Ke7 44. Rc5 Rd6 45. Kg5 Kd8 46. a6
Rxa6 47. Rxb7 Ra2 48. Rg7 Re6 49. Rxg6 Rxg6+ 50. Kxg6 Kd7 51. Kxh5 Rxf2 52. Kg5
Rf3 53. Rc3 Rxg3+ 54. Kxf5 Rf3+ 55. Kg4 Rf6 56. h5 Ke7 57. Rc2 Kf7 58. Rh2 Kg7
59. h6+ Kh7 60. Rh3 c5 61. dxc5 Rc6 62. Kf4 Rxc5 63. Ke5 Ra5 64. Kd4 Rb5 65.
Ke5 Ra5 66. Kd6 Rb5 67. Ke5 Rc5 68. Kd6 Ra5 1/2-1/2

[Event "Essent open"]
[Site "Hoogeveen"]
[Date "2005.10.23"]
[Round "3"]
[White "Clemens, Adrian"]
[Black "Wells, Peter Kenneth"]
[Result "1-0"]
[WhiteElo "2272"]
[BlackElo "2513"]
[PlyCount "81"]
[EventDate "2005.10.21"]

1. d4 Nf6 2. c4 e6 3. Nf3 b6 4. g3 Ba6 5. Nbd2 Bb4 6. Qc2 Bb7 7. Bg2 Be4 8. Qb3
Bxd2+ 9. Bxd2 O-O 10. O-O d6 11. Rfd1 Nbd7 12. Rac1 Re8 13. Qe3 a5 14. Bc3 Qe7
15. Bh3 h6 16. Re1 Bb7 17. Bg2 Be4 18. Bh3 Bh7 19. Nd2 c6 20. Bg2 d5 21. Qf4 b5
22. b3 g5 23. Qf3 a4 24. c5 axb3 25. axb3 Ra2 26. Ra1 Rea8 27. h3 Qd8 28. Qe3
Qb8 29. b4 Rxa1 30. Rxa1 Rxa1+ 31. Bxa1 Qa7 32. Qc3 Qa4 33. Nb3 Ne4 34. Bxe4
Bxe4 35. f3 Bg6 36. Na5 Nb8 37. Kf2 Kf8 38. Bb2 Qd1 39. Qe3 Qc2 40. Qe5 Nd7 41.
Qh8+ 1-0

[Event "Essent open"]
[Site "Hoogeveen"]
[Date "2005.10.23"]
[Round "3"]
[White "Ernst, Sipke"]
[Black "Bitalzadeh, Ali"]
[Result "1-0"]
[WhiteElo "2473"]
[BlackElo "2267"]
[PlyCount "101"]
[EventDate "2005.10.21"]

1. d4 Nf6 2. c4 g6 3. Nc3 Bg7 4. e4 d6 5. Nf3 O-O 6. Be3 e5 7. dxe5 dxe5 8.
Qxd8 Rxd8 9. Nd5 Nxd5 10. cxd5 c6 11. Bc4 cxd5 12. Bxd5 Nc6 13. O-O h6 14. Rac1
Be6 15. Bxe6 fxe6 16. Rfd1 Nd4 17. Bxd4 exd4 18. Ne1 Rac8 19. Nd3 Kf8 20. Nc5
b6 21. Nb7 Be5 22. Nxd8 Rxd8 23. g3 g5 24. Kf1 Ke7 25. Ke2 Rf8 26. Rd3 Rd8 27.
Ra3 Bb8 28. Rc4 Kf6 29. Rb3 Ke7 30. Ra3 Kf6 31. Kd3 Ke5 32. Rb3 Rf8 33. Rb5+
Kd6 34. Ke2 d3+ 35. Kf1 Ke7 36. Rd4 Rc8 37. Rxd3 Rc1+ 38. Ke2 Rh1 39. h4 gxh4
40. Rh5 Ra1 41. Rxh4 Rxa2 42. Rd2 Bd6 43. Rxh6 Bb4 44. Rc2 a5 45. e5 Bc5 46.
Rh7+ Ke8 47. f4 a4 48. Kd3 Ra1 49. Ra7 Rg1 50. Rh2 Rxg3+ 51. Kc2 1-0

[Event "Essent open"]
[Site "Hoogeveen"]
[Date "2005.10.23"]
[Round "3"]
[White "Doggers, Peter"]
[Black "Henrichs, Thomas"]
[Result "1-0"]
[WhiteElo "2239"]
[BlackElo "2447"]
[PlyCount "71"]
[EventDate "2005.10.21"]

1. e4 c5 2. Nf3 Nc6 3. d4 cxd4 4. Nxd4 Qb6 5. Nb3 Nf6 6. Nc3 e6 7. Bd3 a6 8.
Be3 Qc7 9. f4 d6 10. O-O Be7 11. Qf3 O-O 12. Rae1 Nd7 13. g4 b5 14. g5 Nb4 15.
f5 Nxd3 16. cxd3 b4 17. Ne2 Ne5 18. Qg3 Nxd3 19. Rd1 Ne5 20. f6 Bd8 21. fxg7
Kxg7 22. Bd4 Kh8 23. Rc1 Qb8 24. Kh1 Bb7 25. Nd2 Be7 26. Rc5 Kg8 27. Rxe5 dxe5
28. Bxe5 Qd8 29. Nd4 Rc8 30. Rf4 Rc1+ 31. Kg2 Rc2 32. Qh4 Rxd2+ 33. Kg3 Qxd4
34. Qxh7+ Kxh7 35. Rh4+ Kg6 36. Rh6+ 1-0

[Event "Essent open"]
[Site "Hoogeveen"]
[Date "2005.10.23"]
[Round "3"]
[White "Meijer, Dolf"]
[Black "Naumkin, Igor"]
[Result "0-1"]
[WhiteElo "2226"]
[BlackElo "2445"]
[PlyCount "102"]
[EventDate "2005.10.21"]

1. e4 e6 2. d4 d5 3. Nc3 Nf6 4. Bg5 dxe4 5. Nxe4 Be7 6. Bxf6 gxf6 7. Nf3 a6 8.
Qd2 b5 9. Qh6 Bb7 10. Bd3 Nd7 11. Qg7 Rf8 12. h4 h5 13. Qh6 Bd5 14. a3 c6 15.
b3 Qa5+ 16. Qd2 Qxd2+ 17. Nexd2 Rg8 18. O-O c5 19. c3 f5 20. a4 b4 21. cxb4
cxd4 22. b5 Nc5 23. Bc4 Bb7 24. bxa6 Nxa6 25. Rad1 Nb4 26. Kh2 Bd6+ 27. g3 Rg4
28. Kh3 f4 29. Rg1 fxg3 30. fxg3 Ke7 31. Ng5 Rg8 32. Be2 f6 33. Bxg4 hxg4+ 34.
Kxg4 fxg5 35. hxg5 Nd5 36. g6 Ne3+ 37. Kg5 Nxd1 38. Rxd1 Bb4 39. Nc4 Be4 40.
Ne5 d3 41. Kf4 Bd5 42. Nxd3 Bxb3 43. Rb1 Bd2+ 44. Ke5 Bd5 45. Nb4 Ba8 46. Na6
Rxg6 47. Nc7 Rg4 48. Nxe6 Re4+ 49. Kf5 Rxe6 50. Rb8 Rf6+ 51. Kg4 Bf3+ 0-1